[Event "PNWCC Masters WOO 2020"]
[Site "chess.com INT"]
[Date "2020.07.06"]
[Round "7.14"]
[White "Bernadskiy, Vitaliy"]
[Black "Murzin, Volodar"]
[Result "1-0"]
[WhiteTitle "GM"]
[BlackTitle "IM"]
[WhiteElo "2629"]
[BlackElo "2465"]
[WhiteFideId "14100371"]
[BlackFideId "44155573"]
[EventDate "2020.07.04"]

1. e4 c6 2. d4 d5 3. f3 e6 4. Nc3 Bb4 5. a3 Bxc3+ 6. bxc3 dxe4 7. a4 c5 8. Ba3
cxd4 9. Qxd4 Qxd4 10. cxd4 Nc6 11. fxe4 Nxd4 12. O-O-O Nc6 13. Nf3 Nge7 14. Nd2
O-O 15. Bb5 Re8 16. Nc4 Ng6 17. a5 a6 18. Ba4 e5 19. Nb6 Ra7 20. Rd6 Nf4 21.
Rhd1 Ne2+ 22. Kb2 Ned4 23. c4 Bg4 24. Rd2 Rb8 25. Bc5 Nxa5 26. Bxd4 exd4 27.
R2xd4 Rf8 28. c5 Be6 29. Ka3 Nc6 30. Bxc6 bxc6 31. Rxc6 Re8 32. Ka4 a5 33. Rcd6
Kf8 34. Rd8 Rc7 35. Kb5 Bg4 36. c6 Be6 37. Rxe8+ Kxe8 38. Ra4 Ke7 39. Nd5+ Bxd5
40. exd5 Kd6 41. Rxa5 Rc8 42. Kc4 1-0

[Event "PNWCC Masters WOO 2020"]
[Site "chess.com INT"]
[Date "2020.07.06"]
[Round "7.15"]
[White "Yip, Carissa"]
[Black "Chigaev, Maksim"]
[Result "0-1"]
[WhiteTitle "IM"]
[BlackTitle "GM"]
[WhiteElo "2421"]
[BlackElo "2588"]
[WhiteFideId "2090732"]
[BlackFideId "4108116"]
[EventDate "2020.07.04"]

1. e4 c5 2. Nf3 d6 3. d4 cxd4 4. Nxd4 Nf6 5. Nc3 a6 6. Bg5 Nbd7 7. Qe2 h6 8. Bh4
g6 9. f4 e5 10. fxe5 dxe5 11. O-O-O Qc7 12. Nb3 b5 13. Qf3 Bg7 14. a3 O-O 15. g4
Bb7 16. g5 hxg5 17. Bxg5 Nh5 18. Bh3 Ndf6 19. Kb1 Rad8 20. Rhf1 Nf4 21. Rxd8
Rxd8 22. Nc1 Rd2 23. Bxf6 Bxf6 24. Nd3 Rxh2 25. Bg4 Kg7 26. Rd1 Bc6 27. Nb4 Be7
28. Nxa6 Qa7 29. Nb4 Bxb4 30. axb4 Rh8 31. Rd6 Ra8 32. Kc1 Qc7 33. Rd1 Ra1+ 34.
Kd2 Qd6+ 35. Ke1 Rxd1+ 36. Qxd1 Qxb4 37. Qc1 Qd4 38. Kf1 b4 0-1

[Event "PNWCC Masters WOO 2020"]
[Site "chess.com INT"]
[Date "2020.07.06"]
[Round "7.16"]
[White "Sarkar, Justin"]
[Black "Tabatabaei, M.amin"]
[Result "0-1"]
[WhiteTitle "IM"]
[BlackTitle "GM"]
[WhiteElo "2380"]
[BlackElo "2629"]
[WhiteFideId "2010011"]
[BlackFideId "12521213"]
[EventDate "2020.07.04"]

1. d4 Nf6 2. c4 g6 3. Nc3 d5 4. Nf3 Bg7 5. cxd5 Nxd5 6. Bg5 c5 7. Rc1 Nc6 8.
Nxd5 Qxd5 9. Rxc5 Qxa2 10. Qd2 h6 11. Bf4 g5 12. Bg3 g4 13. Ne5 Bxe5 14. Bxe5
Nxe5 15. dxe5 Be6 16. f3 Rd8 17. Qc1 a6 18. e4 gxf3 19. gxf3 Rg8 20. Kf2 Qb3 21.
Be2 Qb6 22. Qc3 Bh3 23. f4 Rg2+ 24. Ke1 Qg6 25. Qe3 Bg4 26. Rc2 Bxe2 27. Rxe2
Rxe2+ 28. Qxe2 Rd4 29. Kf2 Rxe4 30. Qf3 Qb6+ 0-1

[Event "PNWCC Masters WOO 2020"]
[Site "chess.com INT"]
[Date "2020.07.06"]
[Round "7.17"]
[White "Kumar, Nikhil"]
[Black "Kobalia, Mikhail"]
[Result "1/2-1/2"]
[WhiteTitle "FM"]
[BlackTitle "GM"]
[WhiteElo "2328"]
[BlackElo "2614"]
[WhiteFideId "30909040"]
[BlackFideId "4119150"]
[EventDate "2020.07.04"]

1. c4 Nf6 2. Nc3 g6 3. e4 d6 4. d4 Bg7 5. Nf3 O-O 6. Be2 e5 7. O-O Nc6 8. d5 Ne7
9. b4 a5 10. bxa5 Rxa5 11. a4 c5 12. Bd2 Ra6 13. Ra3 Ne8 14. Qc1 f5 15. exf5
gxf5 16. Re1 Ng6 17. Bf1 Nf6 18. Ng5 Re8 19. Nb5 Re7 20. g3 e4 21. f3 Ne5 22.
fxe4 fxe4 23. Nxe4 Nxe4 24. Rxe4 Nf3+ 25. Rxf3 Rxe4 26. Bd3 Re5 27. Qc2 Rh5 28.
Bc3 Qe7 29. Qf2 Rxa4 30. Re3 Be5 31. Qf3 Rg5 32. Nxd6 Qxd6 33. Qe4 Qh6 34. Bxe5
Bf5 35. Qf4 Bxd3 36. h4 Rxc4 37. Qxg5+ Qxg5 38. hxg5 Bf5 39. Rb3 Bc8 40. d6 Rc1+
41. Kf2 Rd1 42. Bf4 Kf7 43. Rb2 Rd5 44. Ke3 Ke6 45. g4 c4 46. Ke4 c3 47. Rc2 Rc5
48. Kd4 Rd5+ 49. Ke4 Rc5 50. Kd4 Rd5+ 51. Ke4 1/2-1/2

[Event "PNWCC Masters WOO 2020"]
[Site "chess.com INT"]
[Date "2020.07.06"]
[Round "7.18"]
[White "Indjic, Aleksandar"]
[Black "Tanenbaum, Zachary"]
[Result "1-0"]
[WhiteTitle "GM"]
[WhiteElo "2618"]
[BlackElo "2137"]
[WhiteFideId "911925"]
[BlackFideId "2060850"]
[EventDate "2020.07.04"]

1. e4 e5 2. Nf3 Nc6 3. Bb5 a6 4. Ba4 d6 5. Bxc6+ bxc6 6. d4 exd4 7. Nxd4 c5 8.
Nc6 Qd7 9. Na5 Qa4 10. Bd2 Qxe4+ 11. Kf1 Bf5 12. Nc3 Qxc2 13. Qe1+ Be7 14. Rc1
Qd3+ 15. Kg1 Be6 16. h4 Bf6 17. Rh3 Qf5 18. Rf3 Qe5 19. Ne4 Qxb2 20. Nc4 Qb8 21.
Rb1 Qd8 22. Ncxd6+ cxd6 23. Ba5 Qd7 24. Rb7 Qc6 25. Rfb3 Bd8 26. Rb8 Ne7 27.
Bxd8 Nc8 28. Rxa8 Qxa8 29. Ba5 O-O 30. Nf6+ Kh8 31. Qb1 gxf6 32. Bc3 Kg7 33. Ba1
Ne7 34. Bxf6+ Kxf6 35. Qb2+ Kf5 36. g4+ Kg6 37. h5+ Kg5 38. Qd2+ Kh4 39. Rg3 Rg8
40. Kh2 Bxg4 41. Qf4 Kxh5 42. Qxf7+ Kh6 43. Qxe7 Qd5 44. Qf6+ Rg6 45. Qf8+ Kh5
46. Qe7 h6 47. Qe3 Qe5 48. Qd2 Rf6 49. Kg1 Qf4 50. Qc2 Kg5 51. Rg2 Qf5 52. Qb3
Qf3 53. Qg8+ Rg6 54. Qd8+ Qf6 55. Qa5 Qa1+ 56. Kh2 Qe5+ 57. Kg1 Rf6 58. Qd2+ Kg6
59. Rxg4+ Kf7 60. Qc2 Qf5 61. Qb3+ Re6 62. Rg3 Qe5 63. Qf3+ Ke7 64. Qb7+ Kf8 65.
Qf3+ Ke7 66. Rg8 Qe1+ 67. Kh2 Qe5+ 68. Kh3 Rf6 69. Qb7+ Ke6 70. Re8+ Kf5 71.
Rxe5+ dxe5 72. Qc8+ Kf4 73. Qxc5 e4 74. a4 Re6 75. Kg2 Rg6+ 76. Kf1 Re6 77. Ke2
Rf6 78. a5 Re6 79. Kd2 Rf6 80. Kc3 Re6 81. Kd4 Re8 82. Qd6+ Kf5 83. Qd7+ Re6 84.
Kd5 1-0

[Event "PNWCC Masters WOO 2020"]
[Site "chess.com INT"]
[Date "2020.07.06"]
[Round "7.19"]
[White "Mcconnell, Sullivan"]
[Black "Mikhalevski, Victor"]
[Result "0-1"]
[BlackTitle "GM"]
[WhiteElo "1895"]
[BlackElo "2565"]
[WhiteFideId "30934885"]
[BlackFideId "2801914"]
[EventDate "2020.07.04"]

1. e4 e5 2. Nf3 Nc6 3. Bb5 g6 4. d3 Bg7 5. Nc3 Nge7 6. h4 h6 7. Be3 Nd4 8. Ba4
c6 9. Qd2 b5 10. Bb3 a5 11. a3 d5 12. exd5 Nxb3 13. cxb3 cxd5 14. Bc5 O-O 15. b4
axb4 16. Bxb4 Rb8 17. h5 g5 18. d4 f6 19. dxe5 fxe5 20. Nxg5 hxg5 21. h6 Bf6 22.
Nxd5 Nxd5 23. h7+ Kh8 24. Bxf8 Qxf8 25. Qxd5 Bb7 26. Qe6 Bxg2 27. Rh2 Bf3 28.
Rh3 e4 29. Kf1 Bxb2 30. Re1 Qc8 31. Qg8+ Qxg8 32. hxg8=Q+ Kxg8 33. Re3 Rd8 34.
Rhxf3 exf3 35. Rxf3 Rd5 36. Ke2 Kg7 37. Ke3 Kg6 38. Ke2 Be5 39. Rb3 Bd6 40. Ke3
Kf5 41. f3 Ke5 42. Ke2 Kf4 43. Kf2 Re5 44. Kg2 Re2+ 45. Kf1 Re3 46. Rxb5 Rxf3+
47. Kg2 Rxa3 48. Rb2 Kg4 49. Rc2 Bf4 50. Rb2 Rd3 51. Rb7 Rd2+ 52. Kf1 Kf3 53.
Ke1 Rd3 54. Rf7 g4 55. Rf5 g3 56. Rf6 g2 57. Rxf4+ Kxf4 58. Kf2 Rd2+ 59. Kg1 Kf3 0-1

[Event "PNWCC Masters WOO 2020"]
[Site "chess.com INT"]
[Date "2020.07.06"]
[Round "7.20"]
[White "Eswaran, Ashritha"]
[Black "Bosiocic, Marin"]
[Result "0-1"]
[WhiteTitle "WIM"]
[BlackTitle "GM"]
[WhiteElo "2244"]
[BlackElo "2625"]
[WhiteFideId "2080788"]
[BlackFideId "14507927"]
[EventDate "2020.07.04"]

1. e4 d6 2. d4 Nf6 3. Nc3 e5 4. Nf3 Nbd7 5. Bc4 Be7 6. O-O O-O 7. a4 a5 8. h3 c6
9. Re1 Nb6 10. Bf1 exd4 11. Nxd4 d5 12. e5 Ne8 13. Bf4 g6 14. Bh2 Ng7 15. Qd2
Re8 16. f4 Bb4 17. Red1 f6 18. Nf3 Bf5 19. Qf2 Nd7 20. Kh1 fxe5 21. Nxe5 Nxe5
22. fxe5 Rf8 23. Qd2 Qh4 24. Bd3 Be6 25. Qe2 Rf2 26. Qe1 Raf8 27. Rd2 Nh5 28.
Rxf2 Rxf2 29. Qg1 Ng3+ 30. Bxg3 Qxg3 31. Qh2 Qe3 32. Nd1 Qe1+ 33. Qg1 Qxg1+ 34.
Kxg1 Rd2 35. Ne3 Bc5 36. Re1 Bf5 37. Kf1 Bxd3+ 38. cxd3 Kf7 39. e6+ Ke7 40. Ng4
Rxb2 41. Re5 Bd4 42. Re1 Ra2 43. h4 Rxa4 44. Nh6 Ra1 45. Ng8+ Ke8 46. Rxa1 Bxa1
47. Ke2 Bg7 48. Kd2 a4 49. Kc2 b5 50. Kb1 h5 51. Ka2 b4 52. e7 c5 53. g3 c4 54.
dxc4 dxc4 0-1

[Event "PNWCC Masters WOO 2020"]
[Site "chess.com INT"]
[Date "2020.07.06"]
[Round "7.21"]
[White "Tran, Tuan Minh"]
[Black "Luo, Terry"]
[Result "1-0"]
[WhiteTitle "GM"]
[WhiteElo "2518"]
[BlackElo "2124"]
[WhiteFideId "12401820"]
[BlackFideId "30931045"]
[EventDate "2020.07.04"]

1. d4 Nf6 2. c4 g6 3. Nc3 Bg7 4. e4 d6 5. Be2 O-O 6. Be3 c5 7. d5 e6 8. Nf3 exd5
9. cxd5 Bg4 10. Nd2 Bxe2 11. Qxe2 Na6 12. O-O Nc7 13. a4 Re8 14. Qd3 Na6 15.
Rae1 Nb4 16. Qb1 Ng4 17. Bf4 Ne5 18. Bxe5 Bxe5 19. f4 Bd4+ 20. Kh1 a6 21. Nc4 b6
22. e5 dxe5 23. fxe5 Bxc3 24. bxc3 Nxd5 25. Nd6 Rxe5 26. Rxe5 Qxd6 27. Qe4 Nc7
28. h4 Rf8 29. h5 Ne6 30. Rd5 Qe7 31. h6 Rd8 32. Kg1 Rxd5 33. Qxd5 Qf8 34. Qb7
b5 35. a5 b4 36. Qxa6 Qxh6 37. Qa8+ Kg7 38. Qf3 f5 39. a6 Nc7 40. a7 Qd2 41. Rd1
Qb2 42. Qb7 1-0

[Event "PNWCC Masters WOO 2020"]
[Site "chess.com INT"]
[Date "2020.07.06"]
[Round "7.22"]
[White "Kondakov, Adrian"]
[Black "Li, Ben"]
[Result "0-1"]
[WhiteTitle "CM"]
[BlackTitle "IM"]
[WhiteElo "1986"]
[BlackElo "2376"]
[WhiteFideId "30920302"]
[BlackFideId "2089980"]
[EventDate "2020.07.04"]

1. e4 e5 2. Bc4 Nc6 3. Nf3 Bc5 4. d3 Nf6 5. O-O d6 6. c3 a6 7. a4 Ba7 8. b4 h6
9. Nbd2 O-O 10. Re1 Nh5 11. Nf1 Qf6 12. Be3 Bxe3 13. Nxe3 Nf4 14. Nd5 Nxd5 15.
exd5 Ne7 16. d4 Bg4 17. dxe5 dxe5 18. Be2 e4 19. Nd4 Bxe2 20. Nxe2 Rad8 21. c4
c6 22. Qc2 cxd5 23. Nc3 Rc8 24. Qd2 Rxc4 25. Nxd5 Nxd5 26. Qxd5 Rxb4 27. Rab1
Rxa4 28. Qxb7 Ra2 29. Qxe4 Qxf2+ 30. Kh1 Qc2 31. Qf3 Rc8 32. Rb7 Qf2 33. Qe4 Re2
34. Qxe2 Qxe2 0-1

[Event "PNWCC Masters WOO 2020"]
[Site "chess.com INT"]
[Date "2020.07.06"]
[Round "7.23"]
[White "Leiva, Giuseppe"]
[Black "Nguyen, Thanh Thuy Tien"]
[Result "0-1"]
[WhiteTitle "IM"]
[BlackTitle "WIM"]
[WhiteElo "2391"]
[BlackElo "1971"]
[WhiteFideId "3804399"]
[BlackFideId "12400998"]
[EventDate "2020.07.04"]

1. d4 Nf6 2. Nf3 e6 3. Bf4 b6 4. e3 Bb7 5. Nbd2 g6 6. c3 Bg7 7. Be2 O-O 8. O-O
d6 9. Qc2 Nbd7 10. e4 Nh5 11. Bg5 f6 12. Bh4 g5 13. Bg3 f5 14. Ne1 g4 15. Qb3
Qf6 16. exf5 Qxf5 17. Bd3 Qf7 18. Nc2 a5 19. Ne3 a4 20. Qd1 a3 21. b4 Nf4 22.
Bxf4 Qxf4 23. Qxg4 Qxg4 24. Nxg4 c5 25. Bc4 d5 26. Bb5 Rad8 27. Nb3 cxb4 28.
cxb4 Rf4 29. Rac1 Rxg4 30. Rc7 Ba6 31. Bxa6 Bxd4 32. h3 Re4 33. Bd3 Be5 34. Ra7
Rxb4 35. Re1 Bb8 36. Rxa3 e5 37. Bf5 Nc5 38. Rd1 e4 39. Nd4 Rf8 40. g4 Nd3 41.
Nc6 Rb2 42. Nxb8 Rxb8 43. Rf1 Re8 44. Kg2 Nf4+ 45. Kg3 Ne2+ 46. Kh4 d4 47. Kg5
d3 48. Ra4 d2 49. Rc4 Rxa2 50. Rd1 e3 51. fxe3 Rxe3 52. Kf6 Re8 53. Rc7 Rf8+ 54.
Kg5 Nd4 55. Be4 Ne6+ 56. Kh6 Nxc7 57. g5 b5 58. Bxh7+ Kh8 59. g6 Ne6 60. h4 Rc8
61. Rf1 Rac2 62. Bg8 Kxg8 63. g7 Nxg7 64. h5 R2c5 65. Kg6 R8c6+ 66. Rf6 Rxf6+
67. Kxf6 d1=Q 68. Kg6 Qd6# 0-1

[Event "PNWCC Masters WOO 2020"]
[Site "chess.com INT"]
[Date "2020.07.06"]
[Round "7.24"]
[White "Free, Graham"]
[Black "Matinian, Nikita"]
[Result "1-0"]
[BlackTitle "GM"]
[WhiteElo "2138"]
[BlackElo "2475"]
[WhiteFideId "2004976"]
[BlackFideId "24129100"]
[EventDate "2020.07.04"]

1. d4 Nf6 2. Nf3 g6 3. g3 Bg7 4. Bg2 O-O 5. O-O d6 6. b3 a5 7. Bb2 a4 8. c4 c6
9. b4 Bf5 10. a3 Nbd7 11. Nc3 Nb6 12. Nd2 Be6 13. c5 dxc5 14. dxc5 Nc4 15. Nxc4
Bxc4 16. Qc1 Qc7 17. Nxa4 Bxe2 18. Re1 Rxa4 19. Rxe2 Rfa8 20. Qe1 e6 21. Be5 Qc8
22. Qc3 Nd5 23. Bxd5 Bxe5 24. Qxe5 cxd5 25. Re3 Qb8 26. Qf6 Qd8 27. Qd4 Qf8 28.
f4 Qg7 29. Qxg7+ Kxg7 30. Rb3 Kf6 31. Kf2 Ke7 32. Ke3 Kd7 33. Kd4 f6 34. g4 Kc6
35. Re1 Re8 36. Rbe3 Kd7 37. f5 gxf5 38. gxf5 e5+ 39. Kxd5 Rg8 40. Rh3 Rg7 41.
Re4 Kc7 42. Reh4 Rd7+ 43. Kc4 Kc6 44. Rh6 1-0

[Event "PNWCC Masters WOO 2020"]
[Site "chess.com INT"]
[Date "2020.07.06"]
[Round "7.25"]
[White "Shlyakhtenko, Robert"]
[Black "Salik, Serkan"]
[Result "0-1"]
[WhiteTitle "FM"]
[WhiteElo "2343"]
[BlackElo "1986"]
[WhiteFideId "30936934"]
[BlackFideId "30952492"]
[EventDate "2020.07.04"]

1. d4 d5 2. c4 c6 3. Nf3 Nf6 4. e3 e6 5. Nbd2 Nbd7 6. b3 Bd6 7. Bb2 O-O 8. Bd3
b6 9. O-O Bb7 10. Ne5 c5 11. f4 Ne4 12. Qe2 Nxd2 13. Qxd2 Nf6 14. cxd5 Bxd5 15.
Qc2 cxd4 16. e4 Rc8 17. Qe2 Bb7 18. Bxd4 Bc5 19. Bxc5 Rxc5 20. Nf3 e5 21. fxe5
Nd7 22. e6 fxe6 23. Bc4 Qe7 24. b4 Rc7 25. Ng5 Rc6 26. Rad1 Rxf1+ 27. Qxf1 Nf8
28. Bb5 Qxg5 29. Bxc6 Bxc6 30. Qf3 h6 31. Rf1 Ng6 32. a3 Kh7 33. Qg3 Qd2 34. h4
Qd4+ 35. Kh2 Qxe4 36. Rf7 Qd5 37. Rxa7 Bb7 38. a4 Ne7 39. a5 Nf5 40. Qg4 Qe5+
41. Kh1 Ne3 42. Qe2 Bxg2+ 43. Kg1 Qg3 44. Qf2 Qh3 45. Qf7 Qh1+ 46. Kf2 Ng4+ 47.
Ke2 Bf1+ 48. Qxf1 Qe4+ 49. Kd2 Qxb4+ 50. Ke2 Qe4+ 51. Kd2 Qd4+ 52. Ke2 Qb2+ 53.
Ke1 Qc3+ 54. Ke2 Qc2+ 55. Ke1 Qc3+ 56. Ke2 Qe3+ 57. Kd1 Nf2+ 58. Kc2 Qc5+ 59.
Kb2 Qd4+ 60. Kc2 bxa5 61. Rxa5 Qe4+ 62. Kb3 Qe3+ 63. Ka4 Qd4+ 64. Kb5 Ne4 65.
Qb1 Qd5+ 66. Ka6 Qa8+ 0-1

[Event "PNWCC Masters WOO 2020"]
[Site "chess.com INT"]
[Date "2020.07.06"]
[Round "7.26"]
[White "Zhao, Ian"]
[Black "Chen, Ryo"]
[Result "1-0"]
[WhiteTitle "FM"]
[WhiteElo "2380"]
[BlackElo "2085"]
[WhiteFideId "2620740"]
[BlackFideId "7003072"]
[EventDate "2020.07.04"]

1. e4 c5 2. Nf3 d6 3. d4 cxd4 4. Nxd4 Nf6 5. Nc3 Nc6 6. Bg5 e6 7. Qd2 Qb6 8. Nb3
Be7 9. O-O-O O-O 10. f4 Rd8 11. Bd3 h6 12. h4 a5 13. a4 Nb4 14. Bb5 d5 15. Bxf6
Bxf6 16. e5 Be7 17. Nd4 Nc6 18. Nce2 Bc5 19. Rh3 Bb4 20. c3 Be7 21. g4 f6 22.
Qe3 Nxd4 23. Nxd4 fxe5 24. fxe5 Bd7 25. g5 h5 26. g6 Bxb5 27. axb5 Kf8 28. Qf3+
Ke8 29. Qf7+ Kd7 30. Nxe6 Qxe6 31. Rxd5+ Qxd5 32. Qxd5+ Kc7 33. b6+ Kxb6 34.
Qe6+ Ka7 35. Qxe7 Rd5 36. c4 Rad8 37. cxd5 Rxd5 38. Rb3 Rc5+ 39. Qxc5+ b6 40.
Qxb6+ Ka8 41. Qb7# 1-0

[Event "PNWCC Masters WOO 2020"]
[Site "chess.com INT"]
[Date "2020.07.06"]
[Round "7.27"]
[White "Lu, Jason"]
[Black "Nandhidhaa, P V"]
[Result "0-1"]
[BlackTitle "WGM"]
[WhiteElo "2025"]
[BlackElo "2365"]
[WhiteFideId "30938040"]
[BlackFideId "5050847"]
[EventDate "2020.07.04"]

1. e4 e5 2. Nf3 Nc6 3. Bc4 Be7 4. c3 Nf6 5. d3 d6 6. a4 h6 7. Nbd2 Nh7 8. Nf1
Ng5 9. h4 Nxf3+ 10. Qxf3 Be6 11. Bxe6 fxe6 12. Qg4 Qd7 13. Qg6+ Kf8 14. Rh3 Bf6
15. Rf3 Qf7 16. Qg3 Ke7 17. b4 Kd7 18. Ne3 Raf8 19. Ng4 Qe7 20. Nxf6+ Rxf6 21.
Rxf6 Qxf6 22. Be3 Kc8 23. O-O-O d5 24. b5 Na5 25. exd5 exd5 26. Qg4+ Kb8 27. Qb4
b6 28. g3 d4 29. cxd4 exd4 30. Bf4 g5 31. hxg5 hxg5 32. Bd2 Qxf2 33. Bxg5 Qa2
34. Qb2 Nb3+ 35. Kc2 Rh2+ 36. Bd2 Qxb2+ 37. Kxb2 Nxd2 0-1

[Event "PNWCC Masters WOO 2020"]
[Site "chess.com INT"]
[Date "2020.07.06"]
[Round "7.28"]
[White "Sampath, Aja"]
[Black "Papp, Petra"]
[Result "1/2-1/2"]
[BlackTitle "WGM"]
[WhiteElo "1981"]
[BlackElo "2338"]
[WhiteFideId "30955190"]
[BlackFideId "739049"]
[EventDate "2020.07.04"]

1. e4 e5 2. Nf3 Nf6 3. Nxe5 d6 4. Nf3 Nxe4 5. Nc3 Nxc3 6. dxc3 Be7 7. Be3 O-O 8.
Qd2 Nd7 9. O-O-O Nf6 10. Bd3 c5 11. Kb1 b5 12. Bg5 Rb8 13. h4 Re8 14. Qf4 Be6
15. Bxf6 Bxf6 16. Ng5 h6 17. Nxe6 Rxe6 18. h5 c4 19. Bf5 Re5 20. Rhe1 Qb6 21.
Rxe5 Bxe5 22. Qe3 Qxe3 23. fxe3 Kf8 24. Kc1 Ke7 25. a3 Kf6 26. Be4 Kg5 27. Bf3
f5 28. Kd2 a5 29. Rg1 Bg3 30. Rf1 Re8 31. Bc6 Re5 32. Rf3 Kg4 33. Bd7 a4 34.
Rxf5 Rxf5 35. e4 Kxh5 36. exf5 Bf4+ 37. Kd1 Kh4 38. Bxb5 Kg3 39. Bxa4 Kxg2 40.
Be8 Kf3 41. b3 Be5 42. Kd2 Bf4+ 43. Kd1 Be5 44. Kd2 Bf4+ 45. Kd1 1/2-1/2

[Event "PNWCC Masters WOO 2020"]
[Site "chess.com INT"]
[Date "2020.07.06"]
[Round "7.29"]
[White "Morefield, Jason"]
[Black "Wang, Alex Yuxuan"]
[Result "1/2-1/2"]
[WhiteTitle "FM"]
[WhiteElo "2227"]
[BlackElo "1983"]
[WhiteFideId "30920825"]
[BlackFideId "30943876"]
[EventDate "2020.07.04"]

1. d4 Nf6 2. c4 g6 3. Nc3 d5 4. Nf3 Bg7 5. Qb3 dxc4 6. Qxc4 O-O 7. e4 Na6 8. Be2
c5 9. d5 Bg4 10. e5 Bxf3 11. gxf3 Nd7 12. f4 Nb6 13. Qe4 Nb4 14. Bf3 c4 15. h4
Qd7 16. h5 Rad8 17. e6 fxe6 18. Bg4 Rf6 19. hxg6 exd5 20. Qe2 e6 21. gxh7+ Kh8
22. Kf1 Nd3 23. Rh5 Rdf8 24. Kg1 Qf7 25. Rg5 Nxf4 26. Bxf4 Rxf4 27. Bxe6 Qf6 28.
Rg2 Re8 29. Re1 Rh4 30. Rg4 Rh5 31. Rg3 Qh6 32. Qf3 Rf8 33. Bf7 Rg5 34. Kg2 Nd7
35. Rh1 Rxg3+ 36. Qxg3 Qd2 37. Bxd5 Qxb2 38. Ne4 Nf6 39. Nxf6 Qxf6 40. Bxb7 c3
41. Be4 Qb6 42. Rf1 Qa6 43. Rd1 Qc4 44. Qe3 Qe6 45. Rc1 Qxa2 46. Rxc3 Rxf2+ 47.
Qxf2 Qxf2+ 48. Kxf2 Bxc3 1/2-1/2

[Event "PNWCC Masters WOO 2020"]
[Site "chess.com INT"]
[Date "2020.07.06"]
[Round "7.30"]
[White "Wen, Tommy"]
[Black "Estrada Nieto, Julian"]
[Result "1/2-1/2"]
[BlackTitle "IM"]
[WhiteElo "2014"]
[BlackElo "2280"]
[WhiteFideId "30952255"]
[BlackFideId "5101018"]
[EventDate "2020.07.04"]

1. e4 e5 2. Nf3 Nc6 3. Bb5 a6 4. Ba4 Nf6 5. O-O Be7 6. Re1 b5 7. Bb3 d6 8. c3
O-O 9. h3 Nb8 10. d4 Nbd7 11. Nbd2 Bb7 12. Bc2 Re8 13. Nf1 Bf8 14. Ng3 g6 15. b3
Bg7 16. d5 Nb6 17. Rb1 a5 18. a4 bxa4 19. bxa4 Ba6 20. Be3 Nc4 21. Bd3 Nxe3 22.
Rxe3 Bxd3 23. Qxd3 Nd7 24. Rb5 Nc5 25. Qc2 Qd7 26. Re1 Bh6 27. Reb1 Bf4 28. Ne2
Bh6 29. Ng3 Bf4 30. Ne2 Bh6 31. Ng3 1/2-1/2

[Event "PNWCC Masters WOO 2020"]
[Site "chess.com INT"]
[Date "2020.07.06"]
[Round "7.31"]
[White "Ghazarian, Kirk"]
[Black "Kumar, Naman"]
[Result "0-1"]
[WhiteElo "2181"]
[BlackElo "2115"]
[WhiteFideId "30908604"]
[BlackFideId "30908922"]
[EventDate "2020.07.04"]

1. e4 e5 2. Nf3 Nc6 3. Bb5 Nf6 4. d3 Bc5 5. Bxc6 dxc6 6. Qe2 Qe7 7. Nbd2 O-O 8.
Nc4 Bd6 9. h3 b5 10. Ne3 a5 11. a4 Bd7 12. Bd2 Rfb8 13. b3 Bb4 14. O-O Nh5 15.
Nf5 Bxf5 16. exf5 Nf4 17. Bxf4 exf4 18. Qxe7 Bxe7 19. Rae1 Bd6 20. Re4 f6 21.
Rfe1 Kf7 22. Nd4 bxa4 23. bxa4 Rb2 24. Rc1 c5 25. Nb3 Re8 26. Rc4 Ra2 27. Kf1
Rb8 28. Re1 Rb4 29. Ree4 Raxa4 30. Rc3 Rxe4 31. dxe4 Rxe4 32. Nxa5 Re5 33. Nb3
Rxf5 34. Ke2 g5 35. Kf3 h6 36. Nd2 h5 37. Nc4 Ke6 38. Rd3 Rd5 39. Rxd5 Kxd5 40.
Nd2 Kd4 41. Ke2 g4 42. f3 f5 43. Nb3+ Kc3 44. Kd1 c4 45. Nc1 Kd4 46. Kd2 Bb4+
47. Ke2 Ke5 48. Kf2 Kf6 49. Ne2 Kg5 50. Kf1 Bd2 51. Nd4 Be3 52. Ne6+ Kh4 53.
hxg4 fxg4 54. fxg4 hxg4 55. Nxc7 Kg3 56. Nd5 Bd4 57. Ne7 Bf6 58. Nf5+ Kh2 59.
Kf2 Be5 60. Kf1 Bf6 61. Kf2 f3 62. gxf3 g3+ 63. Nxg3 Bd4+ 64. Kf1 Kxg3 65. Ke2
Kf4 0-1

[Event "PNWCC Masters WOO 2020"]
[Site "chess.com INT"]
[Date "2020.07.06"]
[Round "7.32"]
[White "Metpally, Jason"]
[Black "Altman, Joshua"]
[Result "0-1"]
[BlackTitle "CM"]
[WhiteElo "2204"]
[BlackElo "1926"]
[WhiteFideId "2068567"]
[BlackFideId "426210"]
[EventDate "2020.07.04"]

1. d4 Nf6 2. c4 e6 3. g3 d5 4. Nf3 Bb4+ 5. Nc3 O-O 6. Bg2 Nbd7 7. O-O dxc4 8.
Bg5 h6 9. Bxf6 Nxf6 10. Ne5 Nd5 11. Qc2 Bxc3 12. bxc3 Nb6 13. e4 Bd7 14. Rfd1
Ba4 15. Qe2 Bxd1 16. Rxd1 c6 17. f4 Qe7 18. Qh5 Rad8 19. h4 Na4 20. g4 Nxc3 21.
Re1 Qf6 22. f5 Rxd4 23. Nf3 Rxe4 0-1

[Event "PNWCC Masters WOO 2020"]
[Site "chess.com INT"]
[Date "2020.07.06"]
[Round "7.33"]
[White "Pan, Kevin"]
[Black "Wiebe, Daniel"]
[Result "1-0"]
[WhiteElo "2106"]
[BlackElo "1988"]
[WhiteFideId "30915708"]
[BlackFideId "2612275"]
[EventDate "2020.07.04"]

1. e4 c5 2. Nc3 d6 3. g3 g6 4. Bg2 Bg7 5. d3 Nc6 6. Be3 e6 7. Qd2 b6 8. Nge2 Bb7
9. h4 h5 10. Bg5 Qd7 11. Bh3 Ne5 12. O-O-O Nf3 13. Qe3 Nxg5 14. hxg5 Ne7 15. d4
cxd4 16. Nxd4 a6 17. f4 O-O-O 18. Rhf1 Qc7 19. f5 gxf5 20. exf5 Nxf5 21. Nxf5
exf5 22. Nd5 Qc5 23. Rxf5 Qxe3+ 24. Nxe3 Kb8 25. Rxf7 Be5 26. Nc4 Bxg3 27. Nxb6
Rhg8 28. Rd3 Rxg5 29. Rb3 h4 30. Nd5 Bf4+ 31. Nxf4 Rb5 32. Rxb5 axb5 33. Rh7 d5
34. Rxh4 d4 35. Ne6 Re8 36. Nxd4 Re1+ 37. Kd2 Rh1 38. Nxb5 Bg2 39. Rh8+ Kb7 40.
Bxg2+ 1-0